000 01635cam a22004454i 4500
003 PE-LiUPU
005 20250731173155.0
008 150623s r 000 0 d
035 _a(Sirsi) a28862
040 _aPE-LiUPU
_bspa
_cPE-LiUPU
_erda
082 0 4 _a286.7
_bT31
_221
245 0 0 _aRemnant & republic :
_bAdventist themes for personal and social ethics /
_ceditado por Carles W. Teel Jr.
264 1 _aCalifornia :
_bLoma Linda University,
_c1995.
300 _a197 páginas ;
_c21 cm.
336 _atext
_2rdacontent
337 _aunmediated
_2rdamedia
338 _avolume
_2rdacarrier
505 0 _aRemnant. -Creation. -Covenant. -Sanctuary. -Sabbath. -Law. -Salvation. -Wholeness. -Second advent. -Millennium.
526 _aSEG42
526 _aSEG41
526 _aSEG40
526 _aSEG39
526 _aP94
526 _aP87
526 _aP86
526 _aP85
526 _aP77
526 _aP76
526 _aP35
650 0 4 _aAdventistas del séptimo día
_xTEOLOGIA.
_91297
650 0 4 _aAdventistas del séptimo día
_xÉtica.
650 0 4 _aAdventistas del séptimo día
_xHistoria.
650 0 4 _aAdventistas del séptimo día
_xDoctrinas.
700 1 _aTeel, Charles W. Jr.,
_eed.
942 _2ddc
_cBOOK
949 _a286.7 T31
_wDEWEY
_c1
_i38379
_lCCODEBUL1
_mBUL
_p00.00
_r0
_sY
_tBOOK
_u2015-06-24
_xBIBLIOTECA
_zUNKNOWN
_0COMPRA
_o.STAFF. Colección General
596 _a1
999 _a286.7 T31
_wDEWEY
_c36156
_i38379
_f2021-11-11
_g6
_lCCODEBUL1
_mBUL
_r0
_sY
_tBOOK
_u2015-6-24
_xTEOLOGIA
_zUNKNOWN
_0COMPRA
_o.STAFF. Colección General
_d36156
980 _81
_gALBERTO SANCHEZ Responsable de Automatización